| 000 | 00773nam a2200181 a 4500 | ||
|---|---|---|---|
| 008 | 071026s2000 ||||||||||||||||| || u | ||
| 020 | _a0821347659 | ||
| 050 | _aIBRD(02) | ||
| 100 | _aNorsworthy, L. Alexander, 1962- | ||
| 245 | 1 | 0 |
_aRussian views of the transtion in the rural sector: structures, policy outcomes, and adaptive responses _cedted by Alexander Norsworthy |
| 260 |
_aWashington, D. C. _bWorld Bank _c2000 |
||
| 300 | _axvii, 209p.: ill. | ||
| 350 | _a0.00 | ||
| 650 | _aRUSSIA (FEDERATION)--RURAL CONDITIONS | ||
| 650 | _aAGRICULTURE | ||
| 650 | _aAGRICULTURE AND STATE--RUSSIA (FEDERATION) | ||
| 995 |
_D0.00 _FCBU-MAIN LIBRARY (Kitwe) _H1 _I0.00 _M1 _UAVAILABLE _WOct 26, 2007 _ZAnnex Low-Usage Collection |
||
| 999 |
_c56872 _d56872 |
||